10 Pays aléatoires par ordre alphabétique - Classement à l'aveugle - Statistiques

Statistiques générales
  • Ce quiz a été pris 4 004 fois
  • Le résultat moyen est 5 sur 10
Réponses sur la Carte
Les réponses sont colorées sur une échelle allant du rouge au vert en fonction du pourcentage des utilisateurs qui les ont devinées à leur premier essai. Vous pouvez retrouver ces pourcentages ci-dessous.
 
Statistiques - réponses
Pays % Correct
Taïwan
81%
Afghanistan
73%
Malaisie
73%
Cap-Vert
70%
Kiribati
70%
Corée du Nord
69%
Eswatini
69%
Syrie
68%
Vanuatu
68%
Cambodge
67%
Croatie
67%
Libye
67%
Venezuela
67%
Burkina Faso
66%
Indonésie
66%
Monténégro
66%
Papouasie-Nouvelle-Guinée
66%
République du Congo
65%
Roumanie
65%
Guinée
64%
Kirghizistan
64%
Afrique du Sud
63%
Argentine
63%
Bosnie-Herzégovine
63%
États Fédérés de Micronésie
63%
Iran
63%
Thaïlande
63%
Yémen
63%
Belize
62%
Birmanie
62%
Éthiopie
62%
Géorgie
62%
Islande
62%
Liberia
62%
Liechtenstein
62%
Nouvelle-Zélande
62%
Tchad
62%
Trinité-et-Tobago
62%
Botswana
61%
Haïti
61%
Kenya
61%
Nauru
61%
Oman
61%
Cameroun
60%
États-Unis
60%
Fidji
60%
Irlande
60%
Kosovo
60%
Maldives
60%
Brésil
59%
Colombie
59%
France
59%
Gambie
59%
Kazakhstan
59%
Rwanda
59%
Saint-Christophe-et-Niévès
59%
Ukraine
59%
Brunei
58%
Bulgarie
58%
Costa Rica
58%
Estonie
58%
Finlande
58%
Singapour
58%
Togo
58%
Arménie
57%
Bénin
57%
Dominique
57%
Espagne
57%
Îles Marshall
57%
Koweït
57%
Liban
57%
République Démocratique du Congo
57%
Serbie
57%
Somalie
57%
Timor Oriental
57%
Turquie
57%
Autriche
56%
Égypte
56%
Ghana
56%
Guinée Équatoriale
56%
Mongolie
56%
Pakistan
56%
République Dominicaine
56%
Seychelles
56%
Slovaquie
56%
Azerbaïdjan
55%
Chili
55%
Côte d'Ivoire
55%
Guatemala
55%
Macédoine du Nord
55%
Népal
55%
Niger
55%
Sénégal
55%
Sierra Leone
55%
Suède
55%
Albanie
54%
Angola
54%
Australie
54%
Comores
54%
Inde
54%
Israël
54%
Portugal
54%
République Centrafricaine
54%
Royaume-Uni
54%
Russie
54%
Tonga
54%
Bahreïn
53%
Burundi
53%
Chine
53%
Gabon
53%
Guyana
53%
Hongrie
53%
Japon
53%
Lesotho
53%
Maroc
53%
Mexique
53%
Paraguay
53%
Saint-Marin
53%
Suriname
53%
Turkménistan
53%
Tuvalu
53%
Bangladesh
52%
Équateur
52%
Mozambique
52%
Ouganda
52%
Qatar
52%
Slovénie
52%
Tadjikistan
52%
Zambie
52%
Algérie
51%
Arabie Saoudite
51%
Bahamas
51%
Danemark
51%
Irak
51%
Samoa
51%
Andorre
50%
Antigua-et-Barbuda
50%
Honduras
50%
Lituanie
50%
Nicaragua
50%
Panama
50%
Pays-Bas
50%
Pérou
50%
République Tchèque
50%
Uruguay
50%
Îles Salomon
49%
Maurice
49%
Pologne
49%
Salvador
49%
Sri Lanka
49%
Émirats Arabes Unis
48%
Jamaïque
48%
Moldavie
48%
Norvège
48%
Tunisie
48%
Laos
47%
Malawi
47%
Soudan du Sud
47%
Viêt Nam
47%
Barbade
46%
Corée du Sud
46%
Guinée-Bissau
46%
Mali
46%
Nigeria
46%
Ouzbékistan
46%
Allemagne
45%
Bhoutan
45%
Biélorussie
45%
Cuba
45%
Sainte-Lucie
45%
Saint-Vincent-et-les-Grenadines
45%
Vatican
45%
Grèce
44%
Jordanie
44%
Lettonie
44%
Madagascar
44%
Namibie
44%
Philippines
44%
Zimbabwe
44%
Djibouti
43%
Monaco
43%
Bolivie
41%
Canada
41%
Italie
41%
Mauritanie
41%
Sao Tomé-et-Principe
41%
Érythrée
39%
Luxembourg
39%
Malte
39%
Tanzanie
39%
Belgique
38%
Chypre
36%
Palaos
35%
Soudan
34%
Grenade
31%
Suisse
31%
Aucun quiz correspondant
Distribution des résultats
% des personnes avec chaque résultat
Percentile par nombre de réponses
Votre historique - résultats
Vous n’avez pas pris ce quiz